000 00712cam a2200241 a 4500
001 12224754
005 20180123083144.0
008 001107s2001 ilua b 001 0 eng
010 _a 00134167
020 _a0875814360
040 _aDLC
_cDLC
_dDLC
041 _aeng
080 _a307.14 JAC
082 0 0 _a307.14 JAC
_221
100 _a49
101 _aSOC
245 0 0 _aStrategies of community intervention.
246 3 0 _aCommunity intervention
504 _aIncludes bibliographical references and indexes.
906 _a7
_bcbc
_corigcop
_d2
_encip
_f20
_gy-gencatlg
942 _2ddc
_cBK
999 _c40793
_d40793